Provinces of Cuba With Map - Statistics

General Stats
  • This quiz has been taken 10,552 times
  • The average score is 8 of 16
Answers on the Map
Answers color-coded by a green-red scale on the quiz's map according to % correct below.
 
Answer Stats
Province % Correct
La Habana
95%
Santiago de Cuba
69%
Guantánamo
68%
Isla de la Juventud
57%
Pinar del Rio
53%
Camagüey
52%
Cienfuegos
50%
Holguín
49%
Matanzas
49%
Granma
47%
Artemisa
43%
Villa Clara
43%
Las Tunas
41%
Sancti Spíritus
38%
Mayabeque
36%
Ciego de Ávila
35%
No matching quizzes found
Score Distribution
Percent of People with Each Score
Percentile by Number Answered
Your Score History
You have not taken this quiz